[Event "ICS rated blitz match"]
[Site "204.178.125.65"]
[Date "2000.07.28"]
[Round "?"]
[White "Hossa"]
[Black "mid"]
[Result "1-0"]
[WhiteElo "2593"]
[BlackElo "2404"]
[PlyCount "255"]
[EventDate "2000.??.??"]

1. e4 c6 2. d4 d5 3. e5 Bf5 4. Bd3 Bxd3 5. Qxd3 e6 6. Nf3 Qa5+ 7. Bd2 Qb5 8.
Qxb5 cxb5 9. Nc3 a6 10. O-O Nc6 11. Ne2 Nge7 12. a3 Nc8 13. Nf4 Nb6 14. b3 Be7
15. c3 O-O 16. h4 Rfc8 17. g4 Rc7 18. Ra2 Rac8 19. h5 a5 20. h6 g6 21. Rb1 Ra8
22. Nd3 Nd7 23. Bg5 Bf8 24. Nf4 a4 25. bxa4 bxa4 26. Ne2 Na5 27. Nd2 Rb8 28.
Rb5 b6 29. Ra1 Nc4 30. Nxc4 Rxc4 31. Kh1 Rc6 32. Kg2 f6 33. exf6 Kf7 34. Bf4
Rbc8 35. g5 Rc4 36. f3 Re8 37. Bg3 Rec8 38. Rbb1 Ra8 39. Ra2 Ra6 40. Bh2 Ra7
41. Bf4 Ra8 42. Re1 Rac8 43. Rf1 R8c6 44. Rb1 Rc8 45. Bg3 R8c6 46. Re1 Rc8 47.
Raa1 R4c6 48. Bf4 Re8 49. Red1 Rec8 50. Ra2 Re8 51. Bg3 Rec8 52. Rb1 Re8 53.
Re1 Rec8 54. Bh2 Re8 55. Rd1 Rec8 56. Rb1 Re8 57. Rba1 Rec8 58. Bf4 Re8 59. Rd2
Rec8 60. Rb2 Re8 61. Kg3 Rec8 62. Kf2 Re8 63. Rb5 Rec8 64. Kg1 Re8 65. Ra2 Rec8
66. Rb1 Re8 67. Bg3 Rec8 68. Kh2 Re8 69. Raa1 Rec8 70. Kg2 Re8 71. Rb5 Rec8 72.
Bf4 Re8 73. Ra2 Rec8 74. Rbb2 Re8 75. Rd2 Rec8 76. Rdc2 Re8 77. Ra1 Rec8 78.
Kf2 Re8 79. Rd2 Rec8 80. Rda2 Re8 81. Rd1 Rec8 82. Re1 Re8 83. Kg3 Rec8 84.
Raa1 Re8 85. Red1 Rec8 86. c4 Re8 87. cxd5 exd5 88. Rd2 Rec8 89. Raa2 Rc4 90.
Kg2 Ke6 91. Rd3 Rc2 92. Rxc2 Rxc2 93. Kf2 b5 94. Rc3 Rxc3 95. Nxc3 Bxa3 96.
Nxb5 Bb2 97. Nc7+ Kf7 98. Nxd5 a3 99. Nb4 Nb6 100. Be5 Nd5 101. Nc6 Ke8 102.
Na5 a2 103. Nb3 Kf7 104. f4 a1=Q 105. Nxa1 Bxa1 106. Kf3 Ke6 107. f5+ Kf7 108.
fxg6+ Kxg6 109. Ke4 Nc3+ 110. Kd3 Nd5 111. Bd6 Nxf6 112. gxf6 Kxf6 113. Bf4 Ke6
114. Bd2 Kd5 115. Bc3 Bxc3 116. Kxc3 Kd6 117. Kc4 Kc6 118. d5+ Kd6 119. Kd4 Kd7
120. Ke5 Ke7 121. d6+ Kd7 122. Kd5 Kd8 123. Ke6 Ke8 124. Kf6 Kd7 125. Kg7 Kxd6
126. Kxh7 Ke7 127. Kg7 Ke6 128. h7 {mid resigns} 1-0

[Event "ICS rated blitz match"]
[Site "204.178.125.65"]
[Date "2000.07.28"]
[Round "?"]
[White "mid"]
[Black "Hossa"]
[Result "1/2-1/2"]
[WhiteElo "2396"]
[BlackElo "2601"]
[PlyCount "224"]
[EventDate "2000.??.??"]

1. e4 e5 2. Nf3 Nc6 3. Bc4 Nf6 4. Ng5 d5 5. exd5 Na5 6. Bb5+ Bd7 7. Qe2 Be7 8.
Nc3 O-O 9. O-O c6 10. dxc6 Nxc6 11. Bxc6 Bxc6 12. d3 Nd7 13. Nge4 f5 14. Nd2
Rf6 15. Nb3 Rg6 16. f3 b5 17. a3 a5 18. Be3 b4 19. axb4 axb4 20. Rxa8 Bxa8 21.
Nd1 Bd5 22. Nd2 Qc7 23. c3 Ra6 24. c4 Bf7 25. Nb3 Ra2 26. Qc2 f4 27. Bf2 Bg6
28. Kh1 Qd6 29. Nc1 Ra1 30. Re1 Bd8 31. Nb3 Ra8 32. Nc1 Nf8 33. c5 Qd5 34. Bg1
Nd7 35. c6 Rc8 36. Qc4 Qxc4 37. dxc4 Rxc6 38. b3 Rd6 39. Nf2 Rd2 40. Rd1 Rxd1
41. Nxd1 Bc2 42. Nb2 e4 43. fxe4 Bxe4 44. Bd4 Nb8 45. Nbd3 Bg5 46. Kg1 Nc6 47.
Bc5 f3 48. gxf3 Bxf3 49. Na2 Bd1 50. Naxb4 Nxb4 51. Bxb4 Bxb3 52. Ne5 Bf6 53.
Bd6 Bxe5 54. Bxe5 Bxc4 55. Bg3 Kf7 56. Bb8 g5 57. Ba7 Bd3 58. Bb8 Be4 59. Ba7
h5 60. Bb8 h4 61. h3 Kg6 62. Kh2 Bd3 63. Bc7 Kh5 64. Kg2 Be4+ 65. Kh2 Kh6 66.
Bd8 Bd3 67. Be7 Bf1 68. Bd8 Kh5 69. Be7 Kg6 70. Bd8 Be2 71. Be7 Bf3 72. Bd8 Kh5
73. Be7 Kh6 74. Bd8 Be4 75. Be7 Kg6 76. Bd8 Bf3 77. Be7 Bc6 78. Bd8 Be4 79. Be7
Kh5 80. Bd8 Bd5 81. Be7 Ba8 82. Bd8 Kg6 83. Be7 Bb7 84. Bd8 Bd5 85. Be7 Kf5 86.
Bd8 Ba8 87. Be7 Bf3 88. Bd8 Bd5 89. Be7 Bb7 90. Bd8 Kg6 91. Be7 Kh6 92. Bd8 Bd5
93. Be7 Bc6 94. Bd8 Kg6 95. Be7 Kf5 96. Bd8 Bf3 97. Be7 Ba8 98. Bd8 Bc6 99. Be7
Be4 100. Bd8 Bb7 101. Be7 Bc8 102. Bd8 Kg6 103. Be7 Bd7 104. Bd8 Kh5 105. Be7
Bc6 106. Bd8 Kh6 107. Be7 Bd7 108. Bd8 Kg6 109. Be7 Bf5 110. Bd8 Kh5 111. Be7
Bd7 112. Bd8 Be6 1/2-1/2

[Event "ICS rated blitz match"]
[Site "204.178.125.65"]
[Date "2000.07.28"]
[Round "?"]
[White "Tinker"]
[Black "Hossa"]
[Result "0-1"]
[WhiteElo "2552"]
[BlackElo "2593"]
[PlyCount "138"]
[EventDate "2000.??.??"]

1. e4 c6 2. d4 d5 3. exd5 cxd5 4. Bf4 Nc6 5. Nc3 a6 6. Nf3 Nf6 7. Be2 e6 8. O-O
b6 9. Qd3 Bd6 10. Ne5 Qc7 11. Qg3 O-O 12. Rad1 Nd7 13. Ng6 Bxf4 14. Nxf4 Re8
15. Rd3 b5 16. Nh5 Qxg3 17. Rxg3 g6 18. Rd1 b4 19. Nb1 Ra7 20. Nf4 Rc7 21. a3
Ne7 22. c3 Nf5 23. Rh3 bxc3 24. Nxc3 Nf6 25. b4 g5 26. Nh5 Nxh5 27. Bxh5 Rc4
28. Rf3 Rd8 29. Ne2 Bd7 30. Rfd3 Rdc8 31. Re1 Rc2 32. Rdd1 Nd6 33. Bg4 Nc4 34.
Ra1 Ba4 35. g3 Be8 36. Kh1 f5 37. Bf3 Nd2 38. Ng1 Ne4 39. Bxe4 dxe4 40. Nh3 h6
41. Rad1 Bh5 42. Rb1 Bf3+ 43. Kg1 Bg4 44. b5 axb5 45. Nxg5 hxg5 46. Rxb5 Bh3
47. a4 Rc1 48. Rb1 Rxe1+ 49. Rxe1 Rc4 50. Ra1 Rxd4 51. a5 Rd7 52. a6 Ra7 53.
Ra4 e5 54. Ra5 f4 55. f3 e3 56. g4 Rd7 57. Ra1 e2 58. Re1 Bf1 59. Kf2 Rd6 60.
a7 Ra6 61. Rc1 Rxa7 62. Rb1 Kf7 63. Rxf1 exf1=Q+ 64. Kxf1 Ra4 65. Kg2 e4 66.
fxe4 Rxe4 67. Kf2 Re3 68. Kf1 Rh3 69. Kg2 Rxh2+ {Tinker resigns} 0-1

[Event "ICS rated blitz match"]
[Site "204.178.125.65"]
[Date "2000.07.28"]
[Round "?"]
[White "Hossa"]
[Black "PostModernist"]
[Result "0-1"]
[WhiteElo "2607"]
[BlackElo "2642"]
[PlyCount "112"]
[EventDate "2000.??.??"]

1. e4 c5 2. Nf3 g6 3. d4 cxd4 4. Qxd4 Nf6 5. Qa4 Nc6 6. Bb5 Bg7 7. O-O Qc7 8.
Nc3 O-O 9. Nd5 Nxd5 10. exd5 Ne5 11. Nxe5 Qxe5 12. Rd1 d6 13. c3 a6 14. Be3 Bf5
15. Be2 b5 16. Qa5 Be4 17. f4 Qf5 18. g4 Qd7 19. Qb4 f5 20. Rd2 Qb7 21. Rad1 a5
22. Qxb5 Qxb5 23. Bxb5 fxg4 24. Bc6 Bf3 25. Re1 Rac8 26. Bb6 Bf6 27. Bxa5 Bh4
28. Re6 Rxf4 29. Bb6 Kf7 30. Bb7 Rb8 31. Be3 Ra4 32. Bf2 Bxf2+ 33. Kxf2 Rxb7
34. b3 Ra3 35. c4 Rba7 36. Re3 Rxa2 37. Red3 R7a3 38. Ke1 Rxd2 39. Rxd2 Rxb3
40. Rc2 h5 41. Kf1 h4 42. Ke1 g3 43. hxg3 hxg3 44. Kd2 Rb1 45. Ke3 g2 46. Kxf3
g1=Q 47. Rf2 Rb3+ 48. Ke2+ Kg7 49. c5 Qg4+ 50. Ke1 Rb1+ 51. Kd2 Qd4+ 52. Ke2
Qe4+ 53. Kd2 Rb2+ 54. Kc3 Qb4+ 55. Kd3 Qa3+ 56. Kc4 Rb4# {Hossa checkmated} 0-1

[Event "ICS rated bullet match"]
[Site "204.178.125.65"]
[Date "2000.07.28"]
[Round "?"]
[White "Hossa"]
[Black "PostModernist"]
[Result "1-0"]
[WhiteElo "2488"]
[BlackElo "2543"]
[PlyCount "181"]
[EventDate "2000.??.??"]

1. e4 c5 2. Nf3 g6 3. d4 cxd4 4. Nxd4 Nc6 5. c4 Nf6 6. Nxc6 dxc6 7. Qxd8+ Kxd8
8. Nc3 Bg7 9. Bf4 Nh5 10. O-O-O+ Bd7 11. Be3 Bxc3 12. bxc3 b6 13. g4 Ng7 14. c5
Ke8 15. f3 b5 16. c4 b4 17. Kc2 h5 18. g5 e5 19. Bc1 Ne6 20. Bb2 Nxg5 21. Bxe5
Rh7 22. Be2 a5 23. Bf6 Ne6 24. Rd6 Nxc5 25. Rb1 h4 26. Kd2 Rh5 27. Ke3 Kf8 28.
Rbd1 Be8 29. f4 Rh6 30. R6d2 h3 31. Bg4 Rh7 32. Rd8 Rxd8 33. Rxd8 Rh6 34. Ra8
a4 35. Bd4 Ne6 36. Bxe6 fxe6 37. Bc5+ Kf7 38. Rxa4 g5 39. fxg5 Rh5 40. Rxb4
Rxg5 41. Rb7+ Kg6 42. Bd6 Bf7 43. Rc7 Ra5 44. a3 Be8 45. Rc8 Kf7 46. e5 Bd7 47.
Rc7 Ke8 48. Kd4 Ra8 49. Rb7 c5+ 50. Bxc5 Rd8 51. Bd6 Kf7 52. Ra7 Ke8 53. Rc7
Ra8 54. Rb7 Bc6 55. Re7+ Kd8 56. Rxe6 Bg2 57. Re7 Ra6 58. Rg7 Bf3 59. Ke3 Bg2
60. Kd3 Bf3 61. Rg3 Bg2 62. Kc3 Kd7 63. Rg6 Ra8 64. Rf6 Rg8 65. Rf7+ Ke6 66.
Rf2 Kd7 67. Rf4 Kc6 68. Rf7 Ra8 69. Rc7+ Kb6 70. Rg7 Re8 71. a4 Ka6 72. Kb4 Rd8
73. a5 Bf3 74. Rh7 Bg4 75. Bc5 Rb8+ 76. Kc3 Ra8 77. Bb6 Be6 78. Rg7 Bf5 79. Kb4
Be6 80. Rc7 Bf5 81. c5 Be6 82. c6 Bd5 83. Kc5 Be6 84. Rg7 Bf5 85. Rc7 Be6 86.
Rh7 Bg4 87. Re7 Bf3 88. Rg7 Be4 89. e6 Bf5 90. e7 Re8 91. Rf7 1-0

[Event "ICS Rated bullet match"]
[Site "204.178.125.65"]
[Date "2000.07.29"]
[Round "?"]
[White "PostModernist"]
[Black "Hossa"]
[Result "1-0"]
[WhiteElo "2524"]
[BlackElo "2507"]
[PlyCount "125"]
[EventDate "2000.??.??"]

1. d4 Nf6 2. c4 c5 3. d5 g6 4. Nc3 Bg7 5. Nf3 O-O 6. g3 d6 7. Bg2 Nbd7 8. O-O
Nb6 9. Qd3 Rb8 10. Bg5 Ng4 11. h3 h6 12. Bf4 Nf6 13. e4 Nbd7 14. b3 Ra8 15. Qe3
g5 16. Nxg5 hxg5 17. Bxg5 Ne8 18. Bh6 Bd4 19. Qg5+ Ng7 20. Rac1 a6 21. Rc2 b6
22. Rd1 Bf6 23. Qf4 Be5 24. Qh4 Nf6 25. Qg5 Nh7 26. Qe3 e6 27. f4 Bd4 28. Rxd4
cxd4 29. Qxd4 Nf6 30. Bg5 e5 31. fxe5 dxe5 32. Qxe5 Nge8 33. Rf2 Nd7 34. Bxd8
Nxe5 35. Bxb6 f6 36. Bd4 Nd3 37. Rd2 Ne5 38. Bxe5 fxe5 39. Rf2 Ra7 40. Rxf8+
Kxf8 41. c5 Rg7 42. g4 Bxg4 43. hxg4 Nf6 44. c6 Nxg4 45. d6 Ke8 46. Nd5 Rg8 47.
Nb6 Kf7 48. c7 Nf6 49. c8=Q Rxc8 50. Nxc8 Ke8 51. Bh3 Nxe4 52. d7+ Kd8 53. Na7
Kc7 54. Nc6 Kxc6 55. d8=Q Nd6 56. Qd7+ Kd5 57. Be6+ Ke4 58. Qxd6 Ke3 59. Qxe5+
Kd2 60. Qd4+ Kc1 61. Bf5 a5 62. Qc3+ Kd1 63. Bg4# {Hossa checkmated} 1-0

[Event "ICS rated blitz match"]
[Site "204.178.125.65"]
[Date "2000.07.29"]
[Round "?"]
[White "inmichess"]
[Black "Hossa"]
[Result "1-0"]
[WhiteElo "2437"]
[BlackElo "2593"]
[PlyCount "104"]
[EventDate "2000.??.??"]

1. e4 e5 2. Nf3 Nc6 3. c3 Nf6 4. d4 Nxe4 5. d5 Nb8 6. Bd3 Nc5 7. Nxe5 Nxd3+ 8.
Nxd3 Be7 9. O-O d6 10. Qf3 Nd7 11. Re1 O-O 12. c4 Nf6 13. Nc3 Kh8 14. Bd2 a6
15. Re3 Re8 16. Rae1 Bg4 17. Qf4 Bh5 18. b3 a5 19. Nb5 Bg6 20. Bc3 Nh5 21. Qf3
Kg8 22. g4 Nf6 23. Bxf6 gxf6 24. Nf4 Qd7 25. Nh5 Bxh5 26. gxh5 f5 27. Qe2 c6
28. Na3 a4 29. b4 f4 30. Rxe7 Rxe7 31. Qxe7 Qg4+ 32. Kf1 f3 33. Rd1 cxd5 34.
Rxd5 Qg2+ 35. Ke1 Qg1+ 36. Kd2 Qxf2+ 37. Kc3 h6 38. Qxb7 Qe1+ 39. Rd2 Qe3+ 40.
Kc2 Rd8 41. Nb5 Qe6 42. Qd5 Qxd5 43. Rxd5 f2 44. Rf5 d5 45. c5 Rb8 46. c6 Rb6
47. c7 Rc6+ 48. Kd3 f1=Q+ 49. Rxf1 Kf8 50. Nd4 Rxc7 51. Ne6+ Ke7 52. Nxc7 f5
1-0

[Event "ICS rated blitz match"]
[Site "204.178.125.65"]
[Date "2000.07.29"]
[Round "?"]
[White "Hossa"]
[Black "inmichess"]
[Result "1-0"]
[WhiteElo "2570"]
[BlackElo "2460"]
[PlyCount "148"]
[EventDate "2000.??.??"]

1. d4 g6 2. c4 Bg7 3. Nc3 Nf6 4. e4 d6 5. Nf3 O-O 6. Be2 Nbd7 7. O-O e5 8. dxe5
Nxe5 9. Nxe5 dxe5 10. Bg5 Qd4 11. Qc2 Qc5 12. Rad1 Be6 13. Rd2 c6 14. Qa4 a6
15. b4 Qe7 16. Rfd1 b5 17. Qb3 Rad8 18. Be3 Rxd2 19. Rxd2 Ng4 20. Bc5 Qg5 21.
Qd1 bxc4 22. Rd6 Qh4 23. Bxg4 Qxg4 24. Qxg4 Bxg4 25. Rxc6 Ra8 26. Nd5 Be2 27.
f3 h6 28. Bd6 g5 29. Nc7 Rd8 30. Rxa6 c3 31. Rc6 Bd1 32. b5 Ba4 33. Nd5 Bxb5
34. Rc5 c2 35. Be7 Bf8 36. Bxf8 Kxf8 37. Rxc2 Ra8 38. Nc7 Ba4 39. Nxa8 Bxc2 40.
g4 f6 41. Nc7 Kg7 42. Ne8+ Kg6 43. Kg2 Bd1 44. Nd6 h5 45. h3 Bc2 46. Nf5 h4 47.
Ne3 Ba4 48. Nd5 Bb5 49. Nb6 Be2 50. a4 Ba6 51. Nd5 Bb7 52. a5 Kf7 53. Nb4 Bc8
54. a6 Ke7 55. Nd5+ Ke6 56. Kf2 Kf7 57. a7 Bb7 58. Nb6 Ke6 59. a8=R Bxa8 60.
Nxa8 Kd6 61. Nb6 Ke6 62. Nd5 Kf7 63. Ke2 Ke6 64. Kd2 Kf7 65. Kd3 Kf8 66. Nxf6
Kf7 67. Nh7 Kg6 68. Kc4 Kxh7 69. Kd5 Kg6 70. Kxe5 Kf7 71. f4 Kg6 72. fxg5 Kxg5
73. Ke6 Kf4 74. Kf6 Ke3 1-0

[Event "ICS rated blitz match"]
[Site "204.178.125.65"]
[Date "2000.07.29"]
[Round "?"]
[White "inmichess"]
[Black "Hossa"]
[Result "1/2-1/2"]
[WhiteElo "2449"]
[BlackElo "2581"]
[PlyCount "148"]
[EventDate "2000.??.??"]

1. e4 e5 2. Nf3 Nc6 3. c3 Nf6 4. d4 Nxe4 5. d5 Ne7 6. Nxe5 Ng6 7. Nxg6 hxg6 8.
Nd2 Nxd2 9. Bxd2 Be7 10. Bc4 O-O 11. O-O d6 12. Qf3 Bg5 13. Bxg5 Qxg5 14. Rae1
Bd7 15. Re3 b5 16. Bd3 Rae8 17. Rfe1 Bg4 18. Qg3 Rxe3 19. Rxe3 Qh5 20. c4 bxc4
21. Bxc4 Rb8 22. b3 Bd7 23. f3 Rd8 24. Re4 Qf5 25. Qf2 c5 26. dxc6 Bxc6 27. Re7
d5 28. Bf1 d4 29. Rxa7 Qc5 30. Rc7 Qb6 31. Re7 Qc5 32. Re1 Qc3 33. Rd1 Qc5 34.
a4 Qc3 35. Bc4 Bxa4 36. Bxf7+ Kxf7 37. bxa4 Qb3 38. Ra1 Kf6 39. a5 Qc3 40. Qe1
Rd5 41. Qd1 Qe3+ 42. Kh1 d3 43. Qg1 Qe7 44. a6 d2 45. a7 Qxa7 46. Rxa7 d1=Q 47.
Ra1 Qxg1+ 48. Kxg1 g5 49. Kf2 Rd2+ 50. Kg3 Kg6 51. Ra6+ Kf5 52. Ra5+ Kf6 53.
Ra7 Rb2 54. Rd7 g6 55. Rd6+ Kg7 56. Kh3 Rc2 57. g4 Rf2 58. Kg3 Rc2 59. h3 Ra2
60. Rc6 Rd2 61. Ra6 Rb2 62. Ra8 Kh6 63. Ra5 Rd2 64. Rc5 Ra2 65. Rd5 Rc2 66. Re5
Rb2 67. Rc5 Ra2 68. Rd5 Rc2 69. Re5 Rb2 70. Ra5 Rd2 71. Rb5 Rc2 72. Rd5 Rb2 73.
Re5 Rd2 74. Rc5 Ra2 1/2-1/2

[Event "ICS rated blitz match"]
[Site "204.178.125.65"]
[Date "2000.07.29"]
[Round "?"]
[White "Hossa"]
[Black "Tinker"]
[Result "0-1"]
[WhiteElo "2575"]
[BlackElo "2504"]
[PlyCount "132"]
[EventDate "2000.??.??"]

1. e4 d5 2. exd5 Qxd5 3. Nc3 Qe6+ 4. Be2 Qg6 5. Nf3 Qxg2 6. Rg1 Qh3 7. d4 Bd7
8. d5 Na6 9. Rg3 Qf5 10. Rg5 Qf6 11. Ne4 Qb6 12. Ne5 Qb4+ 13. Nc3 Nf6 14. Nxd7
Nxd7 15. a3 Qd6 16. Rg3 e5 17. Be3 Qe7 18. Rc1 g6 19. Bxa6 bxa6 20. Qe2 Qd6 21.
Rd1 f5 22. Rh3 Bg7 23. Bh6 Bxh6 24. Rxh6 O-O-O 25. Ra1 Qb6 26. h3 e4 27. Na4
Qf6 28. d6 Qxd6 29. Rd1 Qc6 30. Nc3 Nf6 31. Qe3 Qb7 32. Qc5 Qxb2 33. Qc6 Qb6
34. Qa8+ Qb8 35. Qc6 Rxd1+ 36. Nxd1 Rf8 37. Qe6+ Kb7 38. Nc3 Qc8 39. Qc4 Rd8
40. Qb3+ Ka8 41. Qf7 Rd6 42. Kf1 Qd8 43. Qc4 Qe7 44. Rh4 h5 45. Rf4 Qe5 46. Rh4
g5 47. Kg2 gxh4 48. Qxc7 Nd7 49. Qc4 Qf4 50. Qg8+ Nb8 51. Kg1 Rd2 52. Qg2 Rxc2
53. Nd1 Rc1 54. Qf1 Qg5+ 55. Kh1 Qd2 56. Qg1 Rxd1 57. Kh2 Qf4+ 58. Kh1 Qf3+ 59.
Kh2 Rd2 60. a4 Rxf2+ 61. Qxf2 Qxf2+ 62. Kh1 e3 63. a5 Qf3+ 64. Kg1 e2 65. Kh2
Qf2+ 66. Kh1 e1=Q# {Hossa checkmated} 0-1

[Event "ICS rated standard match"]
[Site "204.178.125.65"]
[Date "2000.07.29"]
[Round "?"]
[White "Hossa"]
[Black "F-Maximo"]
[Result "1-0"]
[WhiteElo "2253"]
[BlackElo "2000"]
[PlyCount "71"]
[EventDate "2000.??.??"]

1. d4 d5 2. c4 e6 3. Nc3 Nf6 4. cxd5 exd5 5. Bg5 Be7 6. Nf3 c6 7. e3 Bg4 8. Bd3
Nbd7 9. h3 Bxf3 10. Qxf3 O-O 11. O-O h6 12. Bf4 Re8 13. Bh2 Bf8 14. a3 Rc8 15.
b3 g6 16. Ra2 Bg7 17. Bd6 Nf8 18. Qg3 Ne6 19. Be2 Ng5 20. Qf4 Nge4 21. Nxe4
Nxe4 22. Bb4 a5 23. Be1 f5 24. f3 Nf6 25. Qg3 Kh7 26. Bd2 Ra8 27. Bd3 Qd7 28.
Rb1 Bf8 29. Qh4 Qg7 30. Qf2 Bd6 31. Rd1 Nh5 32. g4 fxg4 33. hxg4 Nf6 34. Qh4
Re6 35. g5 Nh5 36. Qxh5 {F-Maximo resigns} 1-0

[Event "ICS rated standard match"]
[Site "204.178.125.65"]
[Date "2000.07.29"]
[Round "?"]
[White "raw-pawn"]
[Black "Hossa"]
[Result "0-1"]
[WhiteElo "1992"]
[BlackElo "2253"]
[PlyCount "42"]
[EventDate "2000.??.??"]

1. e4 c5 2. Nf3 g6 3. d4 cxd4 4. Nxd4 Nc6 5. Be3 d6 6. Nc3 Nf6 7. f3 Bg7 8. Qd2
O-O 9. O-O-O a5 10. h4 Nh5 11. g4 Ng3 12. Rg1 Nxf1 13. Rdxf1 Ne5 14. Qe2 a4 15.
f4 Nc6 16. Nxc6 bxc6 17. h5 a3 18. Qc4 axb2+ 19. Kb1 Ba6 20. Qxc6 Bxf1 21. Rxf1
Rc8 {raw-pawn resigns} 0-1

[Event "ICS rated blitz match"]
[Site "204.178.125.65"]
[Date "2000.07.29"]
[Round "?"]
[White "Hossa"]
[Black "Kurios"]
[Result "1/2-1/2"]
[WhiteElo "2556"]
[BlackElo "2659"]
[PlyCount "251"]
[EventDate "2000.??.??"]

1. d4 g6 2. c4 Bg7 3. Nc3 d6 4. Nf3 Nf6 5. e3 O-O 6. Be2 Bf5 7. O-O Na6 8. Ng5
e5 9. dxe5 dxe5 10. e4 Bc8 11. f4 Qd4+ 12. Kh1 h6 13. fxe5 Qxe5 14. Nf3 Qe6 15.
e5 Nd7 16. Bf4 g5 17. Bg3 Nxe5 18. Bxe5 Bxe5 19. Nxe5 Qxe5 20. Qd2 Be6 21. Rae1
Rad8 22. Qc1 Nc5 23. b4 Ne4 24. Nxe4 Qxe4 25. Rf6 Qh4 26. Ref1 Rd4 27. g3 Qh3
28. Rd1 Rdd8 29. Rxd8 Rxd8 30. Qe1 Rd4 31. a3 b6 32. Kg1 Re4 33. Qd2 Bxc4 34.
Bf1 Bxf1 35. Qd8+ Kg7 36. Rxf1 Qe6 37. Qxc7 Re2 38. Qc3+ Kg6 39. Qd3+ Qe4 40.
Qxe4+ Rxe4 41. Rd1 Re3 42. Rd6+ f6 43. a4 Ra3 44. b5 Rxa4 45. h3 Ra5 46. Rd7
Rxb5 47. Rxa7 Rb2 48. Re7 b5 49. Kf1 b4 50. g4 b3 51. Rb7 h5 52. Kg1 Rb1+ 53.
Kg2 b2 54. Kh2 Kh6 55. Rb6 hxg4 56. hxg4 Kg7 57. Rb7+ Kf8 58. Kg2 Ke8 59. Kh2
Kd8 60. Kg2 Kc8 61. Rb4 Kc7 62. Rb5 Kd6 63. Rb4 Kc7 64. Rb5 Kc6 65. Rb4 Kd5 66.
Rb5+ Ke4 67. Rb6 f5 68. Rb4+ Kd3 69. Rb8 fxg4 70. Rd8+ Kc4 71. Rb8 Kc3 72. Rc8+
Kb3 73. Rb8+ Kc3 74. Rc8+ Kd2 75. Rd8+ Ke3 76. Re8+ Kd4 77. Rd8+ Kc4 78. Rb8
Kc5 79. Rc8+ Kd5 80. Rd8+ Kc5 81. Rc8+ Kd4 82. Rd8+ Ke3 83. Re8+ Kf4 84. Rf8+
Ke5 85. Re8+ Kd6 86. Rb8 Kc6 87. Rb4 Kc5 88. Rb8 Kc4 89. Rc8+ Kb5 90. Rb8+ Kc6
91. Rb4 Kd5 92. Rb8 Kc4 93. Rc8+ Kb3 94. Rb8+ Ka4 95. Ra8+ Kb4 96. Rb8+ Ka5 97.
Kh2 Ka4 98. Ra8+ Kb3 99. Rb8+ Kc2 100. Rc8+ Kd1 101. Rd8+ Kc2 102. Rc8+ Kd2
103. Rd8+ Ke3 104. Re8+ Kd3 105. Rd8+ Kc3 106. Rc8+ Kd2 107. Rd8+ Ke3 108. Re8+
Kd3 109. Rd8+ Ke4 110. Re8+ Kd5 111. Rd8+ Kc6 112. Rb8 Kd7 113. Kg2 Ke6 114.
Re8+ Kd6 115. Rb8 Ke5 116. Re8+ Kf6 117. Rf8+ Ke7 118. Rb8 g3 119. Rb6 Kd7 120.
Rb4 Kd6 121. Rb3 Kc5 122. Rb7 Kc6 123. Rb4 Kc5 124. Rb7 Kc6 125. Rb4 Kc5 126.
Rb7 1/2-1/2

[Event "ICS rated standard match"]
[Site "204.178.125.65"]
[Date "2000.07.29"]
[Round "?"]
[White "Hossa"]
[Black "rasyeti"]
[Result "1-0"]
[WhiteElo "2259"]
[BlackElo "2121"]
[PlyCount "29"]
[EventDate "2000.??.??"]

1. d4 Nf6 2. c4 e6 3. Nc3 Bb4 4. Qc2 d5 5. a3 Bxc3+ 6. Qxc3 Ne4 7. Qc2 O-O 8.
e3 Qe7 9. Bd3 f5 10. b3 b6 11. Nf3 Nd7 12. cxd5 exd5 13. Qxc7 f4 14. Qc6 Rb8
15. Qxd5+ 1-0

[Event "ICS rated standard match"]
[Site "204.178.125.65"]
[Date "2000.07.29"]
[Round "?"]
[White "rasyeti"]
[Black "Hossa"]
[Result "1/2-1/2"]
[WhiteElo "2111"]
[BlackElo "2269"]
[PlyCount "70"]
[EventDate "2000.??.??"]

1. e4 e5 2. Nc3 Nf6 3. Bc4 Nc6 4. d3 Bb4 5. Bg5 Na5 6. Bb3 Nxb3 7. axb3 d6 8.
Nge2 c6 9. O-O O-O 10. f4 Qb6+ 11. Kh1 Ng4 12. fxe5 Nf2+ 13. Rxf2 Qxf2 14. Be7
Bxc3 15. bxc3 Re8 16. exd6 Bg4 17. Qd2 Qxe2 18. Qg5 Bd7 19. h3 Qf2 20. e5 h6
21. Qh5 Qxc2 22. Rf1 Be6 23. Rf3 Qxc3 24. Rg3 Qc1+ 25. Kh2 Kh7 26. h4 Qb2 27.
Rxg7+ Kxg7 28. Bf6+ Kh7 29. Qf3 Qxb3 30. Qe4+ Kg8 31. Qe3 Kh7 32. Qe4+ Kg8 33.
Qe3 Kh7 34. Qe4+ Kg8 35. Qe3 Kh7 1/2-1/2

[Event "ICS rated standard match"]
[Site "204.178.125.65"]
[Date "2000.07.29"]
[Round "?"]
[White "Hossa"]
[Black "Y-ElGhazali"]
[Result "0-1"]
[WhiteElo "2262"]
[BlackElo "2244"]
[PlyCount "88"]
[EventDate "2000.??.??"]

1. d4 Nf6 2. c4 Nc6 3. Nf3 e6 4. a3 d6 5. Nc3 g6 6. e4 Bg7 7. Be2 O-O 8. O-O e5
9. d5 Ne7 10. Bg5 h6 11. Bd2 Nd7 12. Qc1 Kh7 13. b3 f5 14. Qc2 f4 15. Ne1 g5
16. Nd3 Nf6 17. c5 Ng6 18. cxd6 cxd6 19. Qd1 g4 20. Qc2 Nh5 21. Rfc1 Qh4 22.
Nb5 g3 23. h3 Bxh3 24. gxh3 Qxh3 25. Bg4 Qxg4 26. Nxd6 f3 27. Be3 Qh3 28. fxg3
Qxg3+ 29. Kf1 Ngf4 30. Nxf4 Nxf4 31. Bf2 Qg2+ 32. Ke1 h5 33. Rd1 h4 34. Qc5 Bh6
35. Qc7+ Kh8 36. Qc3 Kg8 37. Nf5 Rxf5 38. Qc4 Ne2 39. d6+ Kh8 40. Qc5 Qh1+ 41.
Bg1 Nxg1 42. Qf2 Nh3+ 43. Qf1 f2+ 44. Ke2 Qxe4# {Hossa checkmated} 0-1

[Event "ICS Rated standard match"]
[Site "204.178.125.65"]
[Date "2000.07.29"]
[Round "?"]
[White "Hossa"]
[Black "ParkChamp"]
[Result "1-0"]
[WhiteElo "2245"]
[BlackElo "2200"]
[PlyCount "115"]
[EventDate "2000.??.??"]

1. e4 c6 2. d4 d5 3. e5 Bf5 4. Bd3 Bxd3 5. Qxd3 e6 6. Nf3 Nd7 7. O-O Ne7 8. Ng5
Ng6 9. Qf3 Qe7 10. Qb3 Qb4 11. Qd3 Be7 12. c3 Qc4 13. Qxc4 dxc4 14. Ne4 O-O 15.
Nbd2 b5 16. f4 Rad8 17. a4 a6 18. axb5 axb5 19. g4 Ra8 20. Rxa8 Rxa8 21. f5
Ngf8 22. Nf3 Ra1 23. Bg5 Rxf1+ 24. Kxf1 f6 25. exf6 gxf6 26. fxe6 Nxe6 27. Bh6
Kf7 28. Nh4 Nb6 29. Kg2 Nd5 30. Kf3 c5 31. Nf5 cxd4 32. cxd4 Nb4 33. h4 Nd3 34.
d5 Nec5 35. Ned6+ Bxd6 36. Nxd6+ Ke7 37. Nxb5 Nxb2 38. Bf4 Nbd3 39. Bd6+ Kd7
40. Bxc5 Nxc5 41. Ke3 Nd3 42. Kd4 Ne5 43. g5 Nf3+ 44. Ke4 Nxh4 45. gxf6 Ng6 46.
Nc3 Ke8 47. Kd4 Kf7 48. Ne4 Nf8 49. Kxc4 Nd7 50. Kb5 Ne5 51. Kc5 h5 52. Kd6
Nc4+ 53. Kc7 h4 54. d6 Nxd6 55. Kxd6 h3 56. Ke5 h2 57. Nf2 Kg6 58. Ke6 {
ParkChamp resigns} 1-0

[Event "ICS rated standard match"]
[Site "204.178.125.65"]
[Date "2000.07.29"]
[Round "?"]
[White "VW"]
[Black "Hossa"]
[Result "1-0"]
[WhiteElo "2496"]
[BlackElo "2246"]
[PlyCount "75"]
[EventDate "2000.??.??"]

1. e4 e5 2. Bc4 Nf6 3. Nc3 Nc6 4. d3 Bb4 5. Nge2 Na5 6. O-O Nxc4 7. dxc4 c6 8.
a3 Be7 9. Qd3 d6 10. b3 Nd7 11. Be3 O-O 12. Rad1 b6 13. Ng3 Nc5 14. Qd2 Qc7 15.
b4 Nb7 16. b5 Na5 17. bxc6 Nxc4 18. Nd5 Nxd2 19. Nxc7 Nxf1 20. Nxf1 Rb8 21. Nd5
Bh4 22. g3 Bg4 23. Rd3 Bf6 24. Nxf6+ gxf6 25. Bh6 Rfc8 26. Ne3 f5 27. Rxd6 Bf3
28. Nd5 Kh8 29. c7 Ra8 30. Rd7 Be2 31. exf5 Rxc7 32. Nxc7 Rc8 33. Nd5 Bb5 34.
f6 Rg8 35. Rd8 Be8 36. Ne7 a6 37. Rxe8 Rxe8 38. Bg7# 1-0

[Event "ICS rated standard match"]
[Site "204.178.125.65"]
[Date "2000.07.29"]
[Round "?"]
[White "Hossa"]
[Black "Y-ElGhazali"]
[Result "1-0"]
[WhiteElo "2240"]
[BlackElo "2272"]
[PlyCount "85"]
[EventDate "2000.??.??"]

1. d4 Nf6 2. c4 Nc6 3. Nf3 e6 4. a3 d6 5. Nc3 g6 6. e4 Bg7 7. Be2 O-O 8. O-O e5
9. d5 Ne7 10. Bg5 h6 11. Bd2 Nd7 12. Qc1 Kh7 13. b3 f5 14. Qc2 f4 15. Ne1 Nf6
16. Nd3 g5 17. c5 Ng6 18. cxd6 cxd6 19. Qd1 g4 20. Re1 h5 21. g3 Bh6 22. gxf4
exf4 23. Qc1 g3 24. fxg3 Ng4 25. Bxg4 Bxg4 26. Nxf4 Nxf4 27. Bxf4 Bxf4 28. gxf4
Rg8 29. Kf2 Qh4+ 30. Ke3 Qxh2 31. Kd3 Bf3 32. e5 Rac8 33. exd6 Bg4 34. Re7+ Kh8
35. Qe3 Bf5+ 36. Kd4 Rg7 37. Rxg7 Kxg7 38. Qe7+ Kg6 39. Qg5+ Kh7 40. Qxf5+ Kh6
41. Qxc8 Qf2+ 42. Ke5 Qe3+ 43. Ne4 {Y-ElGhazali resigns} 1-0

[Event "ICS rated standard match"]
[Site "204.178.125.65"]
[Date "2000.07.29"]
[Round "?"]
[White "Hossa"]
[Black "castromao"]
[Result "1-0"]
[WhiteElo "2263"]
[BlackElo "2100"]
[PlyCount "43"]
[EventDate "2000.??.??"]

1. d4 d5 2. c4 c6 3. Nf3 Nf6 4. Qb3 e6 5. g3 Nbd7 6. cxd5 exd5 7. Bg2 Bd6 8.
O-O O-O 9. Nc3 Re8 10. Qc2 Nf8 11. a3 a5 12. b3 Ng6 13. Bg5 h6 14. Bc1 Ne4 15.
Nxe4 dxe4 16. Nd2 f5 17. Rd1 Be6 18. Nc4 Bc7 19. Rb1 Bd5 20. Ne3 Rc8 21. Nxf5
Qf6 22. Ne3 {castromao resigns} 1-0